Einheiten und Formate - Statistiken

Allgemein
  • Dieses Quiz wurde 28 mal gespielt
  • Das Durchschnittsergebnis liegt bei 6 aus 15
Antwortstatistiken
Anzahl +
Einheit
Bezeichnung Umrechnung
Einheit
% Korrekt
1 mi Meile 1,6 km
79%
1 in Inch 2,5 cm
79%
40 (ungefähr) EU Schuhgröße 25 cm (Fußlänge)
79%
1 J (ungefähr) Jahr 52 Wochen
75%
1 Pi (3 Nachkommastellen, ungerundet) Pi 3,141 Zahl
63%
1 sm Seemeile 1,8 km
58%
1 kn Knoten 1,8 km/h
58%
1 GBP Britisches Pfund 1,1 EUR
46%
1 USD US-Dollar 0,8 EUR
33%
(ungefähr) Schallgeschwindigkeit 1200 km/h
25%
(ungefähr) Lichtgeschwindigkeit 299.000.000 m/s (Meter pro Sekunde)
17%
1 kt Karat 0,2 g
13%
1 yd Yard 91,4 cm
13%
1 oz Unze 28,3 g
0%
1 lb Pfund 453,5 g
0%
Keine übereinstimmenden Quizze gefunden
Verteilung der Resultate
Anzahl Personen mit jedem Resultat
Perzentil nach korrekt beantworteten Fragen
Ihre Resultats-Entwicklung
Sie haben dieses Quiz noch nicht gespielt